000 01555cam a2200145 4500500
005 20260329023231.0
041 _afre
042 _adc
100 1 0 _aChassaigne, Philippe
_eauthor
700 1 0 _aLargeaud, Jean-Marc
_eauthor
245 0 0 _aLes villes en guerre : (1914-1945)
260 _bArmand Colin,
_c2004.
520 _aHiroshima, Verdun, Reims, Ypres, Guernica, Londres, Stalingrad, Hambourg, Madrid… Si, depuis qu’il existe des villes, leur conquête a été un des objets habituels de la guerre, l’une des transformations majeures des conflits modernes se lit dans le fait que, qu’il s’agisse de la guerre « classique » ou de la guerre civile, les populations urbaines sont devenues l’enjeu même des combats, les victimes désignées des stratégies d’anéantissement du moral et de la volonté de combattre de l’adversaire.Pourtant, la bataille n’est pas toute la guerre et les villes ont inégalement subi le temps des épreuves. Cet ouvrage, qui rassemble les communications présentées lors d’un colloque organisé par le Centre d’histoire de la ville (CEHVI), de l’Université de Tours, s’interroge sur les manières dont guerre et fait militaire irriguent l’espace urbain et sur les rapports entre guerre et identités urbaines.Les quelque 30 contributions ici rassemblées illustrent la richesse et le renouvellement d’une historiographie touchant à un grand thème de l’histoire.
856 4 1 _uhttps://shs.cairn.info/les-villes-en-guerre--9782200266790?lang=fr&redirect-ssocas=7080
999 _c1925671
_d1925670